| 000 | 00772nam a2200265 a 4500 | ||
|---|---|---|---|
| 008 | |||
| 020 | _a0750682647 (pbk.) | ||
| 049 | _aMAIN | ||
| 090 |
_aTH213.5 _bNAO |
||
| 100 | 1 | _aNaoum, S.G. | |
| 245 | 1 | 0 |
_aDissertation research and writing for construction students / _cS.G. Naoum. |
| 250 | _a2nd ed. | ||
| 260 |
_aAmsterdam : _bElsevier, _c2007. |
||
| 300 |
_axi, 209 p. : _bill. ; _c24 cm. |
||
| 500 | _alncludes index. | ||
| 504 | _aIncludes bibliographical references. | ||
| 650 | _aTechnical writing. | ||
| 650 | _aDissertation,academic. | ||
| 650 | 0 |
_aBuilding _xResearch. |
|
| 907 |
_a.b10302360 _b04-10-12 _c19-10-11 |
||
| 003 | |||
| 005 | 20230123125430.0 | ||
| 040 | _cNUST | ||
| 942 |
_cBOOKS _kTH213.5 _mNAO |
||
| 999 |
_c141412 _d141412 |
||